La revolución de los pájaros / (Registro nro. 3381)
[ vista simple ]
| 000 -LEADER | |
|---|---|
| fixed length control field | 00932nam a2200229Ia 4500 |
| 003 - CONTROL NUMBER IDENTIFIER | |
| control field | OSt |
| 005 - DATE AND TIME OF LATEST TRANSACTION | |
| control field | 20200429122451.0 |
| 008 - FIXED-LENGTH DATA ELEMENTS--GENERAL INFORMATION | |
| fixed length control field | 191128t2008 sp a br 000 j spa d |
| 020 ## - INTERNATIONAL STANDARD BOOK NUMBER | |
| International Standard Book Number | 9788497543637 |
| 040 ## - CATALOGING SOURCE | |
| Original cataloging agency | CO-JMCR |
| Transcribing agency | CO-JMCR |
| 041 0# - LANGUAGE CODE | |
| Language code of text/sound track or separate title | spa |
| 082 04 - DEWEY DECIMAL CLASSIFICATION NUMBER | |
| Classification number | C / |
| Item number | LLAz |
| 100 1# - MAIN ENTRY--PERSONAL NAME | |
| Personal name | Llauradó, Anna, |
| Relator term | autora |
| 9 (RLIN) | 3644 |
| 245 10 - TITLE STATEMENT | |
| Title | La revolución de los pájaros / |
| Statement of responsibility, etc. | Anna Llauradó |
| 250 ## - EDITION STATEMENT | |
| Edition statement | [primera edición] |
| 260 ## - PUBLICATION, DISTRIBUTION, ETC. | |
| Place of publication, distribution, etc. | Barcelona ; |
| Name of publisher, distributor, etc. | España, |
| Date of publication, distribution, etc. | ©2008 |
| 300 ## - PHYSICAL DESCRIPTION | |
| Extent | 61 páginas : |
| Other physical details | ilustraciones a color ; |
| Dimensions | 25 cm. |
| 500 ## - GENERAL NOTE | |
| General note | Incluye datos biográficos del autor página [64] |
| 520 ## - SUMMARY, ETC. | |
| Summary, etc. | "¿Te imaginas una ciudad sin pájaros ?¿qué harías? Algo extraño está pasando en la pequeña ciudad donde vive clara y sus amigos. Una molesta plaga de mosquitos ha invadido sus calles desde hace varias semanas y nadie sabe por qué. Ademas, coinciden con o |
| 650 14 - SUBJECT ADDED ENTRY--TOPICAL TERM | |
| Topical term or geographic name entry element | Cuento infantil |
| 9 (RLIN) | 3645 |
| 942 ## - ADDED ENTRY ELEMENTS (KOHA) | |
| Source of classification or shelving scheme | Dewey Decimal Classification |
| Koha item type | Books |
| Withdrawn status | Lost status | Source of classification or shelving scheme | Damaged status | Not for loan | Collection code | Home library | Current library | Date acquired | Source of acquisition | Cost, normal purchase price | Total Checkouts | Total Renewals | Full call number | Barcode | Date last seen | Date last checked out | Copy number | Koha item type | Public note |
|---|---|---|---|---|---|---|---|---|---|---|---|---|---|---|---|---|---|---|---|
| Dewey Decimal Classification | Fiction | Biblioteca Pública José María del Castillo y Rada | Biblioteca Pública José María del Castillo y Rada | 11/28/2019 | Donación | 0.00 | 9 | 3 | C / LLAr | 201807084 | 06/19/2025 | 06/18/2025 | Ej.1 | Books | Exlibris : Rayado con color |